[Event "6e Open International d'Echecs Sables d'"]
[Site "Les Sables d'Olonne ; France"]
[Date "2019.07.15"]
[Round "3.10"]
[White "Pottier, Simeon"]
[Black "Lambert, Thomas"]
[Result "1-0"]
[WhiteElo "2192"]
[BlackElo "1965"]
[PlyCount "63"]
[EventDate "2019.??.??"]
[WhiteTeam "LEC Echiquier Limousin"]
[BlackTeam "Rennes Paul Bert"]

1. e4 e5 2. Nf3 Nc6 3. Bb5 a6 4. Ba4 Nf6 5. O-O b5 6. Bb3 Bc5 7. d3 O-O 8. a4
b4 9. a5 d5 10. exd5 Nxd5 11. Nbd2 Bg4 12. h3 Bh5 13. Ne4 Ba7 14. Ng3 Bg6 15.
Ba4 Nde7 16. Bd2 Qd6 17. Qe1 f5 18. Kh1 Rae8 19. Nh4 Kh8 20. Nxg6+ Nxg6 21.
Bxc6 Qxc6 22. Bxb4 Rf7 23. Bc3 e4 24. dxe4 f4 25. Nh5 Rxe4 26. Qd1 f3 27. g3
Re2 28. Qd8+ Re8 29. Qg5 Qe6 30. Kh2 h6 31. Qxh6+ Kg8 32. Nxg7 1-0

[Event "6e Open International d'Echecs Sables d'"]
[Site "Les Sables d'Olonne ; France"]
[Date "2019.07.15"]
[Round "3.11"]
[White "Wlodarczyk, Cyril"]
[Black "Girard, Eric"]
[Result "1/2-1/2"]
[WhiteElo "2098"]
[BlackElo "1993"]
[PlyCount "86"]
[EventDate "2019.??.??"]
[WhiteTeam "Cergy Pontoise Echecs"]
[BlackTeam "Cavalier de l'Espérance Cercle J.J. Paur"]

1. e4 e6 2. d3 d5 3. Qe2 Be7 4. Nf3 Nf6 5. g3 c5 6. Bg2 Nc6 7. O-O b6 8. e5 Nd7
9. c4 Nf8 10. h4 Bb7 11. Nc3 Qd7 12. a3 O-O-O 13. Rb1 Nd4 14. Nxd4 cxd4 15. Na2
dxc4 16. Bxb7+ Qxb7 17. Bd2 cxd3 18. Rbc1+ Kb8 19. Qxd3 Nd7 20. Qxd4 Nc5 21.
Qe3 Rd3 22. Qe2 Rhd8 23. Be3 Nb3 24. Rc3 Nd4 25. Bxd4 R3xd4 26. Rc2 Qe4 27. Re1
Qxe2 28. Rexe2 h5 29. Kg2 Kb7 30. Nc3 a6 31. Ne4 R8d5 32. f4 Rd3 33. Re1 Bc5
34. Ng5 Rd2+ 35. Re2 Rxe2+ 36. Rxe2 Rd7 37. Rc2 a5 38. Ne4 Be7 39. Kf2 Rd4 40.
Ke3 Rd7 41. a4 Rd5 42. b3 Rd7 43. Rc3 Rd5 1/2-1/2

[Event "6e Open International d'Echecs Sables d'"]
[Site "Les Sables d'Olonne ; France"]
[Date "2019.07.15"]
[Round "3.12"]
[White "Boulos, Jean"]
[Black "Renault, Jerome"]
[Result "0-1"]
[WhiteElo "1860"]
[BlackElo "2097"]
[PlyCount "60"]
[EventDate "2019.??.??"]
[WhiteTeam "Club Echecs La Roche sur Yon"]
[BlackTeam "Cercle d'échecs des Sables d'Olonne"]

1. e4 c5 2. Nf3 d6 3. c3 Nf6 4. Be2 Nc6 5. d3 e6 6. O-O Be7 7. Re1 O-O 8. Bf1
d5 9. e5 Nd7 10. d4 c4 11. b3 b5 12. a4 Na5 13. Nbd2 b4 14. cxb4 Bxb4 15. Re3
Nb6 16. bxc4 dxc4 17. Re4 Bb7 18. Rg4 Rc8 19. Ne4 Bxe4 20. Rxe4 Nd5 21. Qc2 f5
22. exf6 Qxf6 23. Re5 Nb3 24. Bb2 Nxa1 25. Bxa1 Bd6 26. Re1 c3 27. Bd3 h6 28.
Re4 Nb4 29. Qe2 Nxd3 30. Qxd3 c2 0-1

[Event "6e Open International d'Echecs Sables d'"]
[Site "Les Sables d'Olonne ; France"]
[Date "2019.07.15"]
[Round "3.13"]
[White "Le Pen, Steven"]
[Black "Burgalat, Eliot"]
[Result "1-0"]
[WhiteElo "2094"]
[BlackElo "1832"]
[PlyCount "67"]
[EventDate "2019.??.??"]
[WhiteTeam "Club d'Echecs de la Bruffière"]
[BlackTeam "Echiquier Henri IV Pau"]

1. e4 e6 2. d4 d5 3. Nc3 Bb4 4. e5 c5 5. Bd2 a6 6. Qg4 g6 7. dxc5 Nc6 8. Nf3
Bxc5 9. Bd3 b5 10. O-O Bb7 11. a4 b4 12. Na2 a5 13. Bb5 Qb6 14. Nc1 Ba6 15.
Bxa6 Qxa6 16. Nb3 Bb6 17. c3 Qc4 18. Nbd4 Nge7 19. b3 Qd3 20. Nxc6 Nxc6 21.
cxb4 axb4 22. Rac1 Nxe5 23. Nxe5 Qxd2 24. Rc6 Bxf2+ 25. Rxf2 Qe1+ 26. Rf1 Qxe5
27. Qxb4 Rb8 28. Qc5 f5 29. Rc7 Qf6 30. Re1 Rd8 31. a5 e5 32. a6 Ra8 33. Rxe5+
Qxe5 34. Qc6+ 1-0

[Event "6e Open International d'Echecs des Sable"]
[Site "Sables d'Olonne, France"]
[Date "2019.07.15"]
[Round "4.1"]
[White "Troubat, Alexandre"]
[Black "Prie, Eric"]
[Result "0-1"]
[WhiteElo "1932"]
[BlackElo "2436"]
[Annotator "jeanluc"]
[PlyCount "60"]
[EventDate "2019.??.??"]
[TimeControl "1/40:0"]
[WhiteClock "0:00:51"]
[BlackClock "0:16:08"]

1. e4 {[%emt 0:00:00]} d5 {[%emt 0:00:00]} 2. exd5 {[%emt 0:00:00]} Qxd5 {
[%emt 0:00:00]} 3. Nf3 {[%emt 0:00:00]} Bg4 {[%emt 0:00:00]} 4. Be2 {[%emt 0:
00:00]} Nc6 {[%emt 0:00:00]} 5. d4 {[%emt 0:00:00]} O-O-O {[%emt 0:00:00]} 6.
c4 {[%emt 0:00:00]} Qd7 {[%emt 0:00:00]} 7. d5 {[%emt 0:00:00]} Bxf3 {[%emt 0:
00:00]} 8. Bxf3 {[%emt 0:00:00]} Ne5 {[%emt 0:00:00]} 9. Nc3 {[%emt 0:00:00]}
Nf6 {[%emt 0:00:00]} 10. O-O {[%emt 0:00:00]} e6 {[%emt 0:00:00]} 11. dxe6 {
[%emt 0:00:00]} Qxe6 {[%emt 0:00:00]} 12. Bd5 {[%emt 0:00:00]} Qf5 {[%emt 0:00:
00]} 13. Qa4 {[%emt 0:00:00]} a6 {[%emt 0:00:00]} 14. Re1 {[%emt 0:00:00]} Bc5
{[%emt 0:00:00]} 15. Be3 {[%emt 0:00:00]} Bxe3 {[%emt 0:00:00]} 16. Rxe3 {
[%emt 0:00:00]} Nfg4 {[%emt 0:00:00]} 17. Re2 {[%emt 0:00:00]} Qf4 {[%emt 0:00:
00]} 18. g3 {[%emt 0:00:00]} Qh6 {[%emt 0:00:00]} 19. f4 {[%emt 0:00:13]} Qb6+
{[%emt 0:00:00]} 20. Kh1 {[%emt 0:01:42]} Nd3 {[%emt 0:00:00]} 21. Bxf7 {
[%emt 0:01:45]} h5 {[%emt 0:00:00]} 22. h4 {[%emt 0:01:50]} Kb8 {[%emt 0:00:00]
} 23. Bd5 {[%emt 0:04:01]} Ndf2+ {[%emt 0:00:00]} 24. Kg2 {[%emt 0:00:31]} Ne3+
{[%emt 0:00:00]} 25. Kf3 {[%emt 0:03:36]} Nf5 {[%emt 0:00:00]} 26. Rxf2 {
[%emt 0:02:56]} Qe3+ {[%emt 0:00:00]} 27. Kg2 {[%emt 0:00:13]} Qxg3+ {[%emt 0:
00:00]} 28. Kf1 {[%emt 0:00:16]} Ne3+ {[%emt 0:00:00]} 29. Ke2 {[%emt 0:00:44]}
Rhe8 {[%emt 0:01:07]} 30. Be4 {[%emt 0:01:22]} Ng4 {[%emt 0:02:45]} 0-1

[Event "6e Open International d'Echecs des Sable"]
[Site "Sables d'Olonne, France"]
[Date "2019.07.15"]
[Round "4.2"]
[White "Colin, Vincent"]
[Black "Bujisho, Benjamin"]
[Result "1-0"]
[WhiteElo "2370"]
[BlackElo "2326"]
[Annotator "jeanluc"]
[PlyCount "73"]
[EventDate "2019.??.??"]
[TimeControl "1/40:0"]
[WhiteClock "0:19:17"]
[BlackClock "0:01:29"]

1. Nf3 {[%emt 0:00:00]} Nf6 {[%emt 0:00:00]} 2. c4 {[%emt 0:00:00]} e6 {
[%emt 0:00:00]} 3. e3 {[%emt 0:00:00]} b6 {[%emt 0:00:00]} 4. b3 {[%emt 0:00:
00]} Bb7 {[%emt 0:00:00]} 5. Bb2 {[%emt 0:00:00]} g6 {[%emt 0:00:00]} 6. g4 {
[%emt 0:00:00]} h6 {[%emt 0:00:00]} 7. Rg1 {[%emt 0:00:00]} Bg7 {[%emt 0:00:00]
} 8. h4 {[%emt 0:00:00]} d6 {[%emt 0:00:00]} 9. Be2 {[%emt 0:00:00]} Nbd7 {
[%emt 0:00:00]} 10. Qc2 {[%emt 0:00:00]} Qe7 {[%emt 0:00:00]} 11. Nc3 {[%emt 0:
00:00]} a6 {[%emt 0:00:00]} 12. g5 {[%emt 0:00:00]} hxg5 {[%emt 0:00:00]} 13.
hxg5 {[%emt 0:00:00]} Nh5 {[%emt 0:00:00]} 14. d4 {[%emt 0:00:00]} c5 {[%emt 0:
00:00]} 15. O-O-O {[%emt 0:00:00]} O-O-O {[%emt 0:00:00]} 16. d5 {[%emt 0:00:
00]} e5 {[%emt 0:00:00]} 17. Ne4 {[%emt 0:00:00]} Kb8 {[%emt 0:00:00]} 18. Kb1
{[%emt 0:00:00]} Ka7 {[%emt 0:00:00]} 19. a3 {[%emt 0:00:00]} Rb8 {[%emt 0:00:
00]} 20. Ka2 {[%emt 0:00:00]} Bf8 {[%emt 0:00:00]} 21. Rh1 {[%emt 0:00:00]} Qd8
{[%emt 0:00:00]} 22. Nfd2 {[%emt 0:00:00]} Qc7 {[%emt 0:00:00]} 23. Ng3 {
[%emt 0:00:00]} Nxg3 {[%emt 0:02:44]} 24. Rxh8 {[%emt 0:00:00]} Nxe2 {[%emt 0:
00:13]} 25. Qd3 {[%emt 0:00:00]} Nd4 {[%emt 0:01:26]} 26. exd4 {[%emt 0:00:00]}
exd4 {[%emt 0:03:38]} 27. f4 {[%emt 0:00:00]} b5 {[%emt 0:00:33]} 28. Rh7 {
[%emt 0:00:00]} bxc4 {[%emt 0:01:05]} 29. bxc4 {[%emt 0:00:00]} Nb6 {[%emt 0:
02:08]} 30. Qxg6 {[%emt 0:00:00]} Nxc4 {[%emt 0:04:39]} 31. Rxf7 {[%emt 0:00:
00]} Be7 {[%emt 0:00:13]} 32. Qe6 {[%emt 0:00:00]} Ne3 {[%emt 0:03:58]} 33.
Rxe7 {[%emt 0:00:00]} Qa5 {[%emt 0:00:47]} 34. Nb3 {[%emt 0:00:35]} Qa4 {
[%emt 0:00:17]} 35. Rxd4 {[%emt 0:03:46]} cxd4 {[%emt 0:00:37]} 36. Bxd4+ {
[%emt 0:00:24]} Ka8 {[%emt 0:00:13]} 37. Qxe3 {[%emt 0:00:38]} 1-0

[Event "6e Open International d'Echecs des Sable"]
[Site "Sables d'Olonne, France"]
[Date "2019.07.15"]
[Round "4.3"]
[White "Vidal, Llewellyn"]
[Black "Mariette, Lucas"]
[Result "1/2-1/2"]
[WhiteElo "2336"]
[BlackElo "2244"]
[Annotator "jeanluc"]
[PlyCount "94"]
[EventDate "2019.??.??"]
[TimeControl "1/40:0"]
[WhiteClock "0:34:04"]
[BlackClock "0:27:35"]

1. c4 {[%emt 0:00:00]} e5 {[%emt 0:00:00]} 2. Nc3 {[%emt 0:00:00]} Nf6 {
[%emt 0:00:00]} 3. Nf3 {[%emt 0:00:00]} Nc6 {[%emt 0:00:00]} 4. e4 {[%emt 0:00:
00]} Bb4 {[%emt 0:00:00]} 5. d3 {[%emt 0:00:00]} O-O {[%emt 0:00:00]} 6. a3 {
[%emt 0:00:00]} Bxc3+ {[%emt 0:00:00]} 7. bxc3 {[%emt 0:00:00]} d6 {[%emt 0:00:
00]} 8. g3 {[%emt 0:00:00]} Ne7 {[%emt 0:00:00]} 9. Bg2 {[%emt 0:00:00]} c6 {
[%emt 0:00:00]} 10. O-O {[%emt 0:00:00]} Qc7 {[%emt 0:00:00]} 11. Bg5 {[%emt 0:
00:00]} Ne8 {[%emt 0:00:00]} 12. Nh4 {[%emt 0:00:00]} Be6 {[%emt 0:00:00]} 13.
Bxe7 {[%emt 0:00:00]} Qxe7 {[%emt 0:00:00]} 14. Nf5 {[%emt 0:00:00]} Bxf5 {
[%emt 0:00:00]} 15. exf5 {[%emt 0:00:00]} Rd8 {[%emt 0:00:00]} 16. Qa4 {
[%emt 0:00:00]} a6 {[%emt 0:00:00]} 17. Qa5 {[%emt 0:00:00]} Nf6 {[%emt 0:00:
00]} 18. Rab1 {[%emt 0:00:00]} d5 {[%emt 0:00:00]} 19. cxd5 {[%emt 0:00:00]}
cxd5 {[%emt 0:00:00]} 20. Rfe1 {[%emt 0:00:00]} Rfe8 {[%emt 0:00:00]} 21. Qb4 {
[%emt 0:00:00]} Qxb4 {[%emt 0:00:00]} 22. Rxb4 {[%emt 0:00:00]} Rd7 {[%emt 0:
00:00]} 23. h3 {[%emt 0:00:00]} Rc7 {[%emt 0:00:00]} 24. c4 {[%emt 0:00:00]}
dxc4 {[%emt 0:00:00]} 25. dxc4 {[%emt 0:00:00]} e4 {[%emt 0:00:00]} 26. g4 {
[%emt 0:00:00]} h6 {[%emt 0:00:00]} 27. Reb1 {[%emt 0:00:00]} Ree7 {[%emt 0:00:
53]} 28. Kh2 {[%emt 0:00:00]} a5 {[%emt 0:03:54]} 29. Ra4 {[%emt 0:00:00]} Rc5
{[%emt 0:01:14]} 30. Rb5 {[%emt 0:00:00]} Rec7 {[%emt 0:04:35]} 31. Raxa5 {
[%emt 0:14:30]} Rxc4 {[%emt 0:00:39]} 32. Ra8+ {[%emt 0:01:15]} Kh7 {[%emt 0:
00:13]} 33. Ra7 {[%emt 0:00:50]} Rc2 {[%emt 0:01:54]} 34. Rbxb7 {[%emt 0:00:52]
} Rxb7 {[%emt 0:00:12]} 35. Rxb7 {[%emt 0:00:17]} Rxf2 {[%emt 0:00:19]} 36.
Rxf7 {[%emt 0:00:20]} Ra2 {[%emt 0:00:32]} 37. Re7 {[%emt 0:00:50]} Rxa3 {
[%emt 0:00:45]} 38. Re6 {[%emt 0:00:29]} Re3 {[%emt 0:01:44]} 39. Kg1 {[%emt 0:
00:58]} Kg8 {[%emt 0:00:43]} 40. Kf2 {[%emt 0:01:14]} Ra3 {[%emt 0:00:20]} 41.
Bf1 {[%emt 0:00:17]} Kf8 {[%emt 0:04:08]} 42. Bg2 {[%emt 0:00:35]} Kf7 {
[%emt 0:03:37]} 43. Bf1 {[%emt 0:00:27]} Kf8 {[%emt 0:00:40]} 44. Kg2 {[%emt 0:
00:42]} Nd5 {[%emt 0:00:00]} 45. Rxe4 {[%emt 0:00:00]} Ne3+ {[%emt 0:00:00]}
46. Kf2 {[%emt 0:00:00]} Nxf1 {[%emt 0:00:00]} 47. Kxf1 {[%emt 0:00:00]} Rxh3 {
[%emt 0:00:00]} 1/2-1/2

[Event "6e Open International d'Echecs des Sable"]
[Site "Sables d'Olonne, France"]
[Date "2019.07.15"]
[Round "4.4"]
[White "Duboue, Peio"]
[Black "Le Pen, Steven"]
[Result "1-0"]
[WhiteElo "2409"]
[BlackElo "2094"]
[Annotator "jeanluc"]
[PlyCount "59"]
[EventDate "2019.??.??"]
[TimeControl "1/40:0"]
[WhiteClock "0:55:23"]
[BlackClock "0:01:47"]

1. d4 {[%emt 0:00:00]} Nf6 {[%emt 0:00:00]} 2. Bf4 {[%emt 0:00:00]} g6 {
[%emt 0:00:00]} 3. e3 {[%emt 0:00:00]} Bg7 {[%emt 0:00:00]} 4. Be2 {[%emt 0:00:
00]} d5 {[%emt 0:00:00]} 5. Nf3 {[%emt 0:00:00]} c5 {[%emt 0:00:00]} 6. c3 {
[%emt 0:00:00]} Nc6 {[%emt 0:00:00]} 7. h3 {[%emt 0:00:00]} O-O {[%emt 0:00:00]
} 8. Nbd2 {[%emt 0:00:00]} Nd7 {[%emt 0:00:00]} 9. O-O {[%emt 0:00:00]} e5 {
[%emt 0:00:00]} 10. dxe5 {[%emt 0:00:00]} Ndxe5 {[%emt 0:00:00]} 11. Nxe5 {
[%emt 0:00:00]} Nxe5 {[%emt 0:00:00]} 12. Nf3 {[%emt 0:00:00]} Nc6 {[%emt 0:00:
00]} 13. Qb3 {[%emt 0:00:00]} Na5 {[%emt 0:00:00]} 14. Qa3 {[%emt 0:00:00]} Qb6
{[%emt 0:00:00]} 15. Rad1 {[%emt 0:00:00]} Be6 {[%emt 0:00:00]} 16. b4 {
[%emt 0:00:00]} cxb4 {[%emt 0:00:00]} 17. cxb4 {[%emt 0:00:00]} Nc4 {[%emt 0:
00:00]} 18. Qb3 {[%emt 0:00:00]} a5 {[%emt 0:00:00]} 19. b5 {[%emt 0:00:00]} a4
{[%emt 0:00:00]} 20. Qb4 {[%emt 0:00:00]} Rfc8 {[%emt 0:00:00]} 21. Nd4 {
[%emt 0:00:00]} Ra5 {[%emt 0:00:00]} 22. Nxe6 {[%emt 0:00:00]} fxe6 {[%emt 0:
00:00]} 23. e4 {[%emt 0:00:00]} Qxb5 {[%emt 0:00:00]} 24. Qe7 {[%emt 0:00:00]}
Re8 {[%emt 0:00:15]} 25. Qc7 {[%emt 0:00:00]} Qc5 {[%emt 0:05:33]} 26. exd5 {
[%emt 0:00:00]} e5 {[%emt 0:04:58]} 27. Qd7 {[%emt 0:00:00]} Re7 {[%emt 0:02:
52]} 28. Qd8+ {[%emt 0:00:00]} Bf8 {[%emt 0:02:20]} 29. Bxc4 {[%emt 0:00:00]}
Qxc4 {[%emt 0:01:35]} 30. Bh6 {[%emt 0:00:00]} 1-0

[Event "6e Open International d'Echecs des Sable"]
[Site "Sables d'Olonne, France"]
[Date "2019.07.15"]
[Round "4.5"]
[White "Eugene, Floryan"]
[Black "Redondo Arguelles, Graciela"]
[Result "1-0"]
[WhiteElo "2300"]
[BlackElo "2043"]
[Annotator "jeanluc"]
[PlyCount "83"]
[EventDate "2019.??.??"]
[TimeControl "1/40:0"]
[WhiteClock "0:33:41"]
[BlackClock "0:00:57"]

1. e4 {[%emt 0:00:00]} e6 {[%emt 0:00:00]} 2. d4 {[%emt 0:00:00]} d5 {[%emt 0:
00:00]} 3. Nd2 {[%emt 0:00:00]} dxe4 {[%emt 0:00:00]} 4. Nxe4 {[%emt 0:00:00]}
Be7 {[%emt 0:00:00]} 5. Nf3 {[%emt 0:00:00]} Nf6 {[%emt 0:00:00]} 6. Bd3 {
[%emt 0:00:00]} Nbd7 {[%emt 0:00:00]} 7. Nxf6+ {[%emt 0:00:00]} Nxf6 {[%emt 0:
00:00]} 8. Qe2 {[%emt 0:00:00]} c5 {[%emt 0:00:00]} 9. dxc5 {[%emt 0:00:00]}
Qa5+ {[%emt 0:00:00]} 10. Bd2 {[%emt 0:00:00]} Qxc5 {[%emt 0:00:00]} 11. O-O-O
{[%emt 0:00:00]} Bd7 {[%emt 0:00:00]} 12. Ne5 {[%emt 0:00:00]} a6 {[%emt 0:00:
00]} 13. Nxd7 {[%emt 0:00:00]} Nxd7 {[%emt 0:00:00]} 14. Qe4 {[%emt 0:00:00]}
Qe5 {[%emt 0:00:00]} 15. Qxe5 {[%emt 0:00:00]} Nxe5 {[%emt 0:00:00]} 16. Be4 {
[%emt 0:00:00]} O-O-O {[%emt 0:00:00]} 17. Bf4 {[%emt 0:00:00]} Ng6 {[%emt 0:
00:00]} 18. Be3 {[%emt 0:00:00]} Bd6 {[%emt 0:00:00]} 19. g3 {[%emt 0:00:00]}
f5 {[%emt 0:00:00]} 20. Bg2 {[%emt 0:00:00]} e5 {[%emt 0:00:00]} 21. Bh3 {
[%emt 0:00:00]} Rhf8 {[%emt 0:00:00]} 22. Rd3 {[%emt 0:00:00]} Bc7 {[%emt 0:02:
12]} 23. Rc3 {[%emt 0:00:00]} Ne7 {[%emt 0:01:32]} 24. Bc5 {[%emt 0:00:00]} Rf7
{[%emt 0:01:18]} 25. Bxe7 {[%emt 0:00:00]} Rxe7 {[%emt 0:00:13]} 26. Bxf5+ {
[%emt 0:00:00]} Kb8 {[%emt 0:00:23]} 27. Bxh7 {[%emt 0:00:00]} e4 {[%emt 0:10:
11]} 28. Re3 {[%emt 0:00:00]} Rf7 {[%emt 0:01:01]} 29. Bxe4 {[%emt 0:00:00]}
Rxf2 {[%emt 0:00:18]} 30. Rb3 {[%emt 0:00:00]} b6 {[%emt 0:00:53]} 31. Rf3 {
[%emt 0:00:00]} Rdd2 {[%emt 0:01:20]} 32. Rf8+ {[%emt 0:00:00]} Bd8 {[%emt 0:
01:08]} 33. Rg8 {[%emt 0:00:00]} g5 {[%emt 0:00:54]} 34. h4 {[%emt 0:00:00]}
gxh4 {[%emt 0:00:39]} 35. gxh4 {[%emt 0:00:00]} Kc7 {[%emt 0:00:16]} 36. h5 {
[%emt 0:00:00]} Rh2 {[%emt 0:00:59]} 37. Rg7+ {[%emt 0:00:00]} Kd6 {[%emt 0:00:
33]} 38. Rf1 {[%emt 0:00:00]} Rde2 {[%emt 0:00:50]} 39. Rd1+ {[%emt 0:00:00]}
Ke5 {[%emt 0:00:38]} 40. Rxd8 {[%emt 0:00:00]} Kxe4 {[%emt 0:00:45]} 41. Re7+ {
[%emt 0:00:00]} Kf5 {[%emt 0:00:20]} 42. Rxe2 {[%emt 0:00:00]} 1-0

[Event "6e Open International d'Echecs des Sable"]
[Site "Sables d'Olonne, France"]
[Date "2019.07.15"]
[Round "4.6"]
[White "Renault, Jerome"]
[Black "Cotonnec, Melkior"]
[Result "0-1"]
[WhiteElo "2097"]
[BlackElo "2293"]
[Annotator "jeanluc"]
[PlyCount "132"]
[EventDate "2019.??.??"]
[TimeControl "1/40:0"]
[WhiteClock "0:02:32"]
[BlackClock "0:03:22"]

1. d4 {[%emt 0:00:00]} Nf6 {[%emt 0:00:00]} 2. Nf3 {[%emt 0:00:00]} g6 {
[%emt 0:00:00]} 3. c4 {[%emt 0:00:00]} Bg7 {[%emt 0:00:00]} 4. Nc3 {[%emt 0:00:
00]} d5 {[%emt 0:00:00]} 5. Bf4 {[%emt 0:00:00]} c6 {[%emt 0:00:00]} 6. e3 {
[%emt 0:00:00]} O-O {[%emt 0:00:00]} 7. Qb3 {[%emt 0:00:00]} b6 {[%emt 0:00:00]
} 8. Be2 {[%emt 0:00:00]} Bb7 {[%emt 0:00:00]} 9. Rc1 {[%emt 0:00:00]} e6 {
[%emt 0:00:00]} 10. O-O {[%emt 0:00:00]} Nbd7 {[%emt 0:00:00]} 11. Rfd1 {
[%emt 0:00:00]} Re8 {[%emt 0:00:00]} 12. c5 {[%emt 0:00:00]} Bf8 {[%emt 0:00:
00]} 13. a4 {[%emt 0:00:00]} Nh5 {[%emt 0:00:00]} 14. Bg5 {[%emt 0:00:00]} f6 {
[%emt 0:00:00]} 15. Bh4 {[%emt 0:00:00]} g5 {[%emt 0:00:00]} 16. g4 {[%emt 0:
00:00]} gxh4 {[%emt 0:00:00]} 17. gxh5 {[%emt 0:00:00]} f5 {[%emt 0:00:00]} 18.
Kh1 {[%emt 0:00:00]} Kh8 {[%emt 0:00:00]} 19. Rg1 {[%emt 0:00:00]} Rb8 {
[%emt 0:01:08]} 20. cxb6 {[%emt 0:00:00]} axb6 {[%emt 0:00:20]} 21. Ng5 {
[%emt 0:00:00]} Qf6 {[%emt 0:05:00]} 22. f4 {[%emt 0:00:00]} Be7 {[%emt 0:00:
23]} 23. Nd1 {[%emt 0:00:00]} Rg8 {[%emt 0:03:26]} 24. Nf2 {[%emt 0:00:00]} c5
{[%emt 0:02:23]} 25. Qc3 {[%emt 0:00:02]} h6 {[%emt 0:01:48]} 26. Nf3 {[%emt 0:
00:23]} c4 {[%emt 0:01:01]} 27. Ne5 {[%emt 0:02:45]} Nxe5 {[%emt 0:00:24]} 28.
fxe5 {[%emt 0:00:30]} Qxe5 {[%emt 0:01:03]} 29. Bf3 {[%emt 0:01:54]} Qd6 {
[%emt 0:00:51]} 30. Nh3 {[%emt 0:01:23]} Bg5 {[%emt 0:00:11]} 31. Rg2 {[%emt 0:
01:10]} Rbc8 {[%emt 0:01:13]} 32. Rcg1 {[%emt 0:00:43]} Qe7 {[%emt 0:00:22]}
33. Nf4 {[%emt 0:01:11]} Bxf4 {[%emt 0:00:40]} 34. exf4 {[%emt 0:00:17]} Rxg2 {
[%emt 0:00:23]} 35. Rxg2 {[%emt 0:00:15]} Rg8 {[%emt 0:00:27]} 36. Qe3 {
[%emt 0:01:30]} Qf6 {[%emt 0:01:00]} 37. Rxg8+ {[%emt 0:02:30]} Kxg8 {[%emt 0:
00:12]} 38. Kg2 {[%emt 0:00:55]} Kf7 {[%emt 0:00:48]} 39. Kh3 {[%emt 0:03:10]}
Ke8 {[%emt 0:00:48]} 40. Qg1 {[%emt 0:03:20]} Kf7 {[%emt 0:00:24]} 41. Qe3 {
[%emt 0:01:44]} Bc6 {[%emt 0:00:58]} 42. Bd1 {[%emt 0:01:17]} Ke7 {[%emt 0:01:
58]} 43. Qg1 {[%emt 0:02:52]} Be8 {[%emt 0:00:43]} 44. Qe3 {[%emt 0:00:00]} Kd6
{[%emt 0:00:00]} 45. a5 {[%emt 0:00:00]} Kc7 {[%emt 0:00:00]} 46. axb6+ {
[%emt 0:00:00]} Kxb6 {[%emt 0:00:00]} 47. b3 {[%emt 0:00:00]} Bb5 {[%emt 0:00:
00]} 48. bxc4 {[%emt 0:00:00]} Bxc4 {[%emt 0:00:00]} 49. Qf2 {[%emt 0:00:00]}
Qe7 {[%emt 0:00:00]} 50. Qb2+ {[%emt 0:00:00]} Kc7 {[%emt 0:00:00]} 51. Be2 {
[%emt 0:00:37]} Qd6 {[%emt 0:00:00]} 52. Bxc4 {[%emt 0:01:30]} dxc4 {[%emt 0:
00:00]} 53. Qd2 {[%emt 0:00:39]} Qc6 {[%emt 0:00:23]} 54. Qc3 {[%emt 0:04:30]}
Kd7 {[%emt 0:01:13]} 55. d5 {[%emt 0:00:49]} Qxd5 {[%emt 0:00:39]} 56. Kxh4 {
[%emt 0:00:37]} e5 {[%emt 0:05:04]} 57. fxe5 {[%emt 0:00:36]} Ke6 {[%emt 0:00:
25]} 58. Qc1 {[%emt 0:00:35]} Qd4+ {[%emt 0:01:21]} 59. Kg3 {[%emt 0:00:16]}
Qxe5+ {[%emt 0:00:16]} 60. Kg2 {[%emt 0:00:25]} Qe4+ {[%emt 0:00:28]} 61. Kg1 {
[%emt 0:00:34]} f4 {[%emt 0:00:25]} 62. Qa1 {[%emt 0:00:31]} Kf5 {[%emt 0:00:
58]} 63. Qg7 {[%emt 0:00:54]} Qe1+ {[%emt 0:00:24]} 64. Kg2 {[%emt 0:00:15]}
Qe2+ {[%emt 0:00:15]} 65. Kh3 {[%emt 0:00:33]} Qxh5+ {[%emt 0:00:34]} 66. Kg2 {
[%emt 0:00:16]} Qg5+ {[%emt 0:00:19]} 0-1

[Event "6e Open International d'Echecs des Sable"]
[Site "Sables d'Olonne, France"]
[Date "2019.07.15"]
[Round "4.7"]
[White "Maleki, Nicolas"]
[Black "Besson, Bastien"]
[Result "1-0"]
[WhiteElo "2088"]
[BlackElo "2204"]
[Annotator "jeanluc"]
[PlyCount "81"]
[EventDate "2019.??.??"]
[TimeControl "1/40:0"]
[WhiteClock "0:29:00"]
[BlackClock "0:01:37"]

1. e4 {[%emt 0:00:00]} d6 {[%emt 0:00:00]} 2. d4 {[%emt 0:00:00]} Nf6 {[%emt 0:
00:00]} 3. Nc3 {[%emt 0:00:00]} e5 {[%emt 0:00:00]} 4. Nf3 {[%emt 0:00:00]}
Nbd7 {[%emt 0:00:00]} 5. Bc4 {[%emt 0:00:00]} Be7 {[%emt 0:00:00]} 6. O-O {
[%emt 0:00:00]} O-O {[%emt 0:00:00]} 7. a4 {[%emt 0:00:00]} c6 {[%emt 0:00:00]}
8. Ba2 {[%emt 0:00:00]} b6 {[%emt 0:00:00]} 9. Re1 {[%emt 0:00:00]} a6 {
[%emt 0:00:00]} 10. h3 {[%emt 0:00:00]} Bb7 {[%emt 0:00:00]} 11. Bg5 {[%emt 0:
00:00]} h6 {[%emt 0:00:00]} 12. Bh4 {[%emt 0:00:00]} Qc7 {[%emt 0:00:00]} 13.
Qe2 {[%emt 0:00:00]} b5 {[%emt 0:00:00]} 14. Rad1 {[%emt 0:00:00]} b4 {[%emt 0:
00:00]} 15. Nb1 {[%emt 0:00:00]} Nb6 {[%emt 0:00:00]} 16. Bb3 {[%emt 0:00:00]}
c5 {[%emt 0:00:00]} 17. dxe5 {[%emt 0:00:00]} dxe5 {[%emt 0:00:00]} 18. Nbd2 {
[%emt 0:00:00]} a5 {[%emt 0:00:00]} 19. Bg3 {[%emt 0:00:00]} Bd6 {[%emt 0:00:
00]} 20. Bh4 {[%emt 0:00:00]} Nh5 {[%emt 0:00:00]} 21. Nc4 {[%emt 0:00:00]}
Nxc4 {[%emt 0:00:00]} 22. Bxc4 {[%emt 0:00:00]} Be7 {[%emt 0:00:00]} 23. Nxe5 {
[%emt 0:00:00]} Nf4 {[%emt 0:00:00]} 24. Qg4 {[%emt 0:00:00]} Qxe5 {[%emt 0:00:
00]} 25. Bxe7 {[%emt 0:00:00]} Bc8 {[%emt 0:00:00]} 26. Qg3 {[%emt 0:03:42]}
Nxh3+ {[%emt 0:00:00]} 27. gxh3 {[%emt 0:00:16]} Qxe7 {[%emt 0:00:00]} 28. Rd6
{[%emt 0:06:14]} Be6 {[%emt 0:08:41]} 29. Bxe6 {[%emt 0:05:44]} fxe6 {[%emt 0:
00:12]} 30. Red1 {[%emt 0:02:30]} Ra7 {[%emt 0:00:22]} 31. Qg4 {[%emt 0:01:06]}
Rf6 {[%emt 0:01:04]} 32. R1d2 {[%emt 0:01:13]} Kh7 {[%emt 0:01:05]} 33. Kf1 {
[%emt 0:00:41]} Rg6 {[%emt 0:01:02]} 34. Qf4 {[%emt 0:00:00]} Qe8 {[%emt 0:03:
09]} 35. Rd8 {[%emt 0:01:16]} Qc6 {[%emt 0:04:09]} 36. Qb8 {[%emt 0:00:35]}
Qa6+ {[%emt 0:00:15]} 37. R2d3 {[%emt 0:00:38]} Rf6 {[%emt 0:00:15]} 38. Rh8+ {
[%emt 0:00:39]} Kg6 {[%emt 0:00:15]} 39. Ke1 {[%emt 0:00:46]} Qb7 {[%emt 0:03:
20]} 40. Rg3+ {[%emt 0:00:30]} Kh5 {[%emt 0:01:14]} 41. Qe5+ {[%emt 0:00:00]}
1-0

[Event "6e Open International d'Echecs Sables d'"]
[Site "Les Sables d'Olonne ; France"]
[Date "2019.07.15"]
[Round "4.8"]
[White "Neatherway, A Philip"]
[Black "Pottier, Simeon"]
[Result "0-1"]
[WhiteElo "1793"]
[BlackElo "2192"]
[PlyCount "51"]
[EventDate "2019.??.??"]
[BlackTeam "LEC Echiquier Limousin"]

1. e4 c5 2. Nf3 Nc6 3. d4 cxd4 4. Nxd4 g6 5. Nc3 Bg7 6. Be3 Nf6 7. Bc4 O-O 8.
O-O Nxe4 9. Nxe4 d5 10. Nxc6 bxc6 11. Bd3 dxe4 12. Bxe4 Qc7 13. c3 Rb8 14. Qa4
a5 15. Qxc6 Qxc6 16. Bxc6 Rxb2 17. Rfb1 Bxc3 18. Rxb2 Bxb2 19. Rb1 Bc3 20. Bc5
Bf5 21. Rb5 Rc8 22. Bb7 Rc7 23. Bf3 Bb4 24. Be3 Kg7 25. h3 Bd6 26. a3 0-1